[Event "DEM U12 2025"]
[Site "Willingen GER"]
[Date "2025.06.08"]
[Round "1"]
[White "Baumann, Simon"]
[Black "Kottage, Nilash Nethul"]
[Result "1/2-1/2"]
[Termination "normal"]
[Board "16"]
[WhiteElo "1713"]
[BlackElo "1526"]
[WhiteClock "00:39:15"]
[BlackClock "00:30:25"]
[PlyCount "45"]
[WhiteFideId "34643664"]
[BlackFideId "29935768"]
[EventCountry "GER"]
[EventRounds "9"]
[EventType "swiss"]
[EventDate "2025.06.07"]

1. e4 {[%clk 01:30:57]} {[%emt 00:00:03]} c5 {[%clk 01:30:39]} {[%emt
00:00:22]} 2. Nf3 {[%clk 01:31:22]} {[%emt 00:00:05]} d6 {[%clk 01:31:04]}
{[%emt 00:00:05]} 3. d4 {[%clk 01:31:44]} {[%emt 00:00:08]} cxd4 {[%clk
01:31:24]} {[%emt 00:00:09]} 4. Nxd4 {[%clk 01:31:49]} {[%emt 00:00:26]} Nf6
{[%clk 01:31:42]} {[%emt 00:00:11]} 5. Nc3 {[%clk 01:32:15]} {[%emt 00:00:04]}
a6 {[%clk 01:32:03]} {[%emt 00:00:10]} 6. Be2 {[%clk 01:31:45]} {[%emt
00:01:00]} e5 {[%clk 01:30:43]} {[%emt 00:01:50]} 7. Nb3 {[%clk 01:32:03]}
{[%emt 00:00:11]} Be6 {[%clk 01:29:39]} {[%emt 00:01:35]} 8. O-O {[%clk
01:31:03]} {[%emt 00:01:30]} Nbd7 {[%clk 01:28:45]} {[%emt 00:01:25]} 9. Kh1
{[%clk 01:23:35]} {[%emt 00:07:55]} b5 {[%clk 01:09:50]} {[%emt 00:19:27]} 10.
a3 {[%clk 01:05:09]} {[%emt 00:18:56]} Be7 {[%emt 00:14:12]} 11. f4 {[%clk
01:04:13]} {[%emt 00:00:01]} Bxb3 {[%clk 00:55:06]} {[%emt 00:02:57]} 12. cxb3
{[%clk 01:04:34]} {[%emt 00:00:07]} Nc5 {[%clk 00:55:26]} {[%emt 00:00:13]} 13.
Bf3 {[%clk 01:04:18]} {[%emt 00:00:44]} Ne6 {[%clk 00:55:01]} {[%emt 00:00:55]}
14. b4 {[%clk 00:59:51]} {[%emt 00:04:58]} Rc8 {[%clk 00:52:07]} {[%emt
00:03:23]} 15. f5 {[%clk 00:56:45]} {[%emt 00:03:36]} Nd4 {[%clk 00:51:36]}
{[%emt 00:01:02]} 16. Be3 {[%clk 00:56:31]} {[%emt 00:00:44]} Nxf3 {[%clk
00:50:41]} {[%emt 00:01:26]} 17. Qxf3 {[%clk 00:56:25]} {[%emt 00:00:35]} Rc4
{[%clk 00:48:04]} {[%emt 00:03:07]} 18. Rfe1 {[%clk 00:53:16]} {[%emt
00:03:39]} h5 {[%clk 00:43:19]} {[%emt 00:05:15]} 19. Bg5 {[%clk 00:47:49]}
{[%emt 00:05:57]} Ng4 {[%clk 00:41:56]} {[%emt 00:01:53]} 20. Bxe7 {[%clk
00:46:46]} {[%emt 00:01:34]} Qxe7 {[%clk 00:42:05]} {[%emt 00:00:20]} 21. h3
{[%clk 00:45:11]} {[%emt 00:02:06]} Rd4 {[%clk 00:32:45]} {[%emt 00:09:49]} 22.
Rad1 {[%clk 00:40:06]} {[%emt 00:05:36]} Qh4 {[%clk 00:30:25]} {[%emt
00:02:50]} 23. Re2 {[%clk 00:39:15]} {[%emt 00:01:20]} 1/2-1/2

[Event "DEM U12 2025"]
[Site "Willingen GER"]
[Date "2025.06.08"]
[Round "1"]
[White "Zargaran, Sepas"]
[Black "Haas, Leandro"]
[Result "1/2-1/2"]
[Termination "normal"]
[Board "17"]
[WhiteElo "1944"]
[BlackElo "1730"]
[WhiteClock "00:07:06"]
[BlackClock "00:20:22"]
[PlyCount "80"]
[WhiteFideId "34625275"]
[BlackFideId "34632549"]
[EventCountry "GER"]
[EventRounds "9"]
[EventType "swiss"]
[EventDate "2025.06.07"]

1. e4 {[%clk 01:30:56]} {[%emt 00:00:03]} e6 {[%clk 01:30:55]} {[%emt
00:00:05]} 2. Qe2 {[%clk 01:31:09]} {[%emt 00:00:18]} Ne7 {[%clk 01:29:14]}
{[%emt 00:02:12]} 3. Nc3 {[%clk 01:31:21]} {[%emt 00:00:16]} d5 {[%clk
01:28:33]} {[%emt 00:01:11]} 4. exd5 {[%clk 01:31:19]} {[%emt 00:00:33]} Nxd5
{[%clk 01:28:44]} {[%emt 00:00:19]} 5. Nxd5 {[%clk 01:28:44]} {[%emt 00:03:05]}
Qxd5 {[%clk 01:29:01]} {[%emt 00:00:13]} 6. Nf3 {[%emt 00:02:40]} c5 {[%clk
01:28:02]} 7. b3 {[%clk 01:26:41]} {[%emt 00:01:52]} Nc6 {[%clk 01:27:16]}
{[%emt 00:01:16]} 8. Bb2 {[%clk 01:19:29]} {[%emt 00:07:42]} b6 {[%clk
01:25:03]} {[%emt 00:02:43]} 9. O-O-O {[%clk 01:18:23]} {[%emt 00:01:36]} Bb7
{[%clk 01:24:50]} {[%emt 00:00:43]} 10. d4 {[%clk 01:17:26]} {[%emt 00:01:28]}
O-O-O {[%clk 01:20:44]} {[%emt 00:04:35]} 11. c4 {[%clk 00:50:31]} {[%emt
00:27:25]} Qf5 {[%clk 01:17:37]} {[%emt 00:03:36]} 12. Qe3 {[%clk 00:45:11]}
{[%emt 00:05:50]} Nb4 {[%clk 01:16:53]} {[%emt 00:01:15]} 13. Bd3 {[%clk
00:42:42]} {[%emt 00:02:59]} Nxd3+ {[%clk 01:16:59]} {[%emt 00:00:23]} 14. Rxd3
{[%clk 00:42:08]} {[%emt 00:01:04]} Bxf3 {[%clk 01:11:20]} {[%emt 00:06:06]}
15. Qxf3 {[%clk 00:41:45]} {[%emt 00:00:56]} Qxf3 {[%clk 01:10:43]} {[%emt
00:01:08]} 16. Rxf3 {[%clk 00:42:08]} {[%emt 00:00:07]} f6 {[%clk 01:11:01]}
{[%emt 00:00:12]} 17. Rd1 {[%clk 00:41:08]} {[%emt 00:01:30]} cxd4 {[%clk
01:10:35]} {[%emt 00:00:56]} 18. Bxd4 {[%clk 00:40:41]} {[%emt 00:00:57]} Ba3+
{[%clk 01:10:42]} {[%emt 00:00:23]} 19. Kc2 {[%clk 00:41:05]} {[%emt 00:00:05]}
e5 {[%clk 01:11:00]} {[%emt 00:00:12]} 20. Bc3 {[%clk 00:41:04]} {[%emt
00:00:30]} Rxd1 {[%clk 01:10:58]} {[%emt 00:00:33]} 21. Kxd1 {[%clk 00:41:20]}
{[%emt 00:00:15]} Rd8+ {[%clk 01:11:03]} {[%emt 00:00:25]} 22. Kc2 {[%clk
00:41:32]} {[%emt 00:00:17]} Bc5 {[%clk 01:10:19]} {[%emt 00:01:14]} 23. Be1
{[%clk 00:38:22]} {[%emt 00:03:40]} h6 {[%clk 01:06:27]} {[%emt 00:04:22]} 24.
b4 {[%clk 00:33:55]} {[%emt 00:04:57]} Bd4 {[%clk 01:05:55]} {[%emt 00:01:02]}
25. h4 {[%clk 00:33:38]} {[%emt 00:00:47]} Kd7 {[%clk 00:58:06]} {[%emt
00:08:17]} 26. Ra3 {[%clk 00:32:17]} {[%emt 00:01:53]} Ra8 {[%clk 00:57:16]}
{[%emt 00:01:19]} 27. f3 {[%clk 00:27:57]} {[%emt 00:04:51]} h5 {[%clk
00:48:04]} {[%emt 00:09:42]} 28. Ra6 {[%clk 00:19:03]} {[%emt 00:09:24]} Kc6
{[%clk 00:46:25]} {[%emt 00:02:09]} 29. Ra3 {[%clk 00:17:31]} {[%emt 00:02:03]}
Kb7 {[%clk 00:46:11]} {[%emt 00:00:44]} 30. Rd3 {[%clk 00:17:37]} {[%emt
00:00:24]} Kc7 {[%clk 00:45:55]} {[%emt 00:00:45]} 31. Bg3 {[%clk 00:17:36]}
{[%emt 00:00:30]} Rd8 {[%clk 00:42:11]} {[%emt 00:04:14]} 32. Kb3 {[%clk
00:17:21]} {[%emt 00:00:47]} a6 {[%clk 00:40:48]} {[%emt 00:01:52]} 33. Be1
{[%clk 00:16:57]} {[%emt 00:00:52]} Rg8 {[%clk 00:36:36]} {[%emt 00:04:42]} 34.
Rd2 {[%clk 00:13:54]} {[%emt 00:03:33]} g5 {[%clk 00:34:19]} {[%emt 00:02:48]}
35. hxg5 {[%clk 00:11:35]} {[%emt 00:02:49]} fxg5 {[%clk 00:29:07]} {[%emt
00:05:42]} 36. Bg3 {[%clk 00:11:06]} {[%emt 00:00:59]} Kc6 {[%clk 00:28:07]}
{[%emt 00:01:31]} 37. a4 {[%clk 00:10:38]} {[%emt 00:00:58]} g4 {[%clk
00:28:06]} {[%emt 00:00:30]} 38. f4 {[%clk 00:10:36]} {[%emt 00:00:32]} Be3
{[%clk 00:21:49]} {[%emt 00:06:47]} 39. b5+ {[%clk 00:10:09]} {[%emt 00:00:58]}
Kc7 {[%clk 00:20:22]} {[%emt 00:01:56]} 40. Re2 {[%clk 00:07:06]} {[%emt
00:03:33]} Bxf4 {[%emt 00:13:28]} 1/2-1/2

[Event "DEM U12 2025"]
[Site "Willingen GER"]
[Date "2025.06.08"]
[Round "1"]
[White "Ishcenko, Volodymyr"]
[Black "Richter, Felix"]
[Result "0-1"]
[Termination "normal"]
[Board "18"]
[WhiteElo "1528"]
[BlackElo "1867"]
[WhiteClock "00:01:23"]
[BlackClock "01:16:46"]
[PlyCount "124"]
[WhiteFideId "34660208"]
[BlackFideId "34631356"]
[EventCountry "GER"]
[EventRounds "9"]
[EventType "swiss"]
[EventDate "2025.06.07"]

1. e4 {[%clk 01:30:59]} {[%emt 00:00:01]} c5 {[%clk 01:30:41]} {[%emt
00:00:18]} 2. Nf3 {[%clk 01:31:22]} {[%emt 00:00:08]} a6 {[%clk 01:31:03]}
{[%emt 00:00:07]} 3. d4 {[%clk 01:30:14]} {[%emt 00:01:39]} cxd4 {[%clk
01:31:26]} {[%emt 00:00:07]} 4. Nxd4 {[%clk 01:30:35]} {[%emt 00:00:08]} Nf6
{[%clk 01:31:49]} {[%emt 00:00:07]} 5. e5 {[%clk 01:25:21]} {[%emt 00:05:45]}
Qa5+ {[%clk 01:32:08]} {[%emt 00:00:10]} 6. Nc3 {[%clk 01:24:55]} {[%emt
00:00:56]} Qxe5+ {[%clk 01:32:22]} {[%emt 00:00:16]} 7. Be2 {[%clk 01:25:17]}
{[%emt 00:00:09]} e6 {[%clk 01:30:22]} {[%emt 00:02:29]} 8. O-O {[%clk
01:24:46]} {[%emt 00:01:02]} Bc5 {[%clk 01:30:35]} {[%emt 00:00:16]} 9. Be3
{[%clk 01:13:39]} {[%emt 00:11:37]} O-O {[%clk 01:30:37]} {[%emt 00:00:28]} 10.
Nf3 {[%clk 00:54:58]} {[%emt 00:19:11]} Qc7 {[%clk 01:30:56]} {[%emt 00:00:11]}
11. Bg5 {[%clk 00:48:28]} {[%emt 00:07:00]} Be7 {[%clk 01:30:47]} {[%emt
00:00:38]} 12. Bd3 {[%clk 00:42:42]} {[%emt 00:06:17]} d5 {[%clk 01:26:58]}
{[%emt 00:04:19]} 13. Nd4 {[%clk 00:38:56]} {[%emt 00:04:16]} Nbd7 {[%clk
01:25:45]} {[%emt 00:01:41]} 14. Re1 {[%clk 00:31:53]} {[%emt 00:07:35]} Bc5
{[%clk 01:25:23]} {[%emt 00:00:50]} 15. Nf3 {[%clk 00:25:48]} {[%emt 00:06:35]}
Bd6 {[%clk 01:25:45]} {[%emt 00:00:10]} 16. Qd2 {[%clk 00:22:19]} {[%emt
00:03:59]} b5 {[%clk 01:23:31]} {[%emt 00:02:43]} 17. h3 {[%clk 00:05:02]}
{[%emt 00:17:48]} Bb7 {[%clk 01:23:46]} {[%emt 00:00:15]} 18. Nd4 {[%clk
00:03:21]} {[%emt 00:02:11]} Bc5 {[%clk 01:23:06]} {[%emt 00:01:08]} 19. Nb3
{[%clk 00:03:12]} {[%emt 00:00:41]} Bd6 {[%clk 01:21:16]} {[%emt 00:02:19]} 20.
Ne2 {[%clk 00:00:43]} {[%emt 00:02:59]} e5 {[%clk 01:20:33]} {[%emt 00:01:12]}
21. Bf5 {[%emt 00:00:44]} d4 {[%clk 01:18:29]} {[%emt 00:02:32]} 22. Bxd7
{[%clk 00:00:32]} {[%emt 00:00:30]} Nxd7 {[%clk 01:18:43]} {[%emt 00:00:16]}
23. Ng3 {[%clk 00:00:34]} {[%emt 00:00:28]} f6 {[%clk 01:18:14]} {[%emt
00:01:00]} 24. Bh4 {[%clk 00:00:33]} {[%emt 00:00:31]} g5 {[%clk 01:18:20]}
{[%emt 00:00:23]} 25. Bxg5 {[%clk 00:00:32]} {[%emt 00:00:32]} fxg5 {[%clk
01:18:43]} {[%emt 00:00:07]} 26. Qxg5+ {[%clk 00:00:55]} {[%emt 00:00:05]} Kh8
{[%clk 01:18:53]} {[%emt 00:00:21]} 27. Ne4 {[%clk 00:00:32]} {[%emt 00:00:54]}
Rg8 {[%clk 01:18:42]} {[%emt 00:00:40]} 28. Qh6 {[%clk 00:00:41]} {[%emt
00:00:21]} Bxe4 {[%clk 01:18:52]} {[%emt 00:00:21]} 29. Rxe4 {[%clk 00:01:07]}
{[%emt 00:00:03]} Rg6 {[%clk 01:18:56]} {[%emt 00:00:26]} 30. Qh4 {[%clk
00:01:19]} {[%emt 00:00:17]} Rag8 {[%clk 01:18:50]} {[%emt 00:00:35]} 31. g3
{[%clk 00:01:32]} {[%emt 00:00:19]} R6g7 {[%clk 01:18:36]} {[%emt 00:00:43]}
32. a4 {[%clk 00:00:32]} {[%emt 00:01:32]} Be7 {[%clk 01:18:48]} {[%emt
00:00:17]} 33. Qh5 {[%clk 00:00:36]} {[%emt 00:00:26]} Bd6 {[%clk 01:17:40]}
{[%emt 00:01:37]} 34. Rh4 {[%clk 00:00:32]} {[%emt 00:00:38]} Be7 {[%clk
01:17:25]} {[%emt 00:00:43]} 35. Rg4 {[%clk 00:00:49]} {[%emt 00:00:13]} Nf6
{[%clk 01:17:09]} {[%emt 00:00:46]} 36. Qf5 {[%clk 00:00:56]} {[%emt 00:00:22]}
Nxg4 {[%clk 01:17:21]} {[%emt 00:00:18]} 37. hxg4 {[%clk 00:01:22]} {[%emt
00:00:06]} Rxg4 {[%clk 01:17:10]} {[%emt 00:00:40]} 38. Kg2 {[%clk 00:00:33]}
{[%emt 00:01:18]} Qb7+ {[%clk 01:16:45]} {[%emt 00:00:56]} 39. Kf1 {[%clk
00:00:32]} {[%emt 00:00:32]} Qh1+ {[%clk 01:17:00]} {[%emt 00:00:13]} 40. Ke2
{[%clk 00:00:56]} {[%emt 00:00:07]} Qe4+ {[%clk 01:17:12]} {[%emt 00:00:18]}
41. Qxe4 {[%clk 00:01:23]} {[%emt 00:00:03]} Rxe4+ {[%clk 01:17:31]} {[%emt
00:00:11]} 42. Kf3 {[%clk 00:01:36]} {[%emt 00:00:17]} Reg4 {[%clk 01:17:35]}
{[%emt 00:00:26]} 43. axb5 {[%clk 00:01:45]} {[%emt 00:00:22]} axb5 {[%clk
01:18:04]} {[%emt 00:00:01]} 44. Ra7 {[%clk 00:01:32]} {[%emt 00:00:43]} Bd6
{[%clk 01:18:18]} {[%emt 00:00:15]} 45. Rd7 {[%clk 00:01:02]} {[%emt 00:00:59]}
Bb4 {[%clk 01:16:06]} {[%emt 00:02:41]} 46. Rd5 {[%clk 00:00:58]} {[%emt
00:00:36]} e4+ {[%clk 01:16:13]} {[%emt 00:00:23]} 47. Ke2 {[%clk 00:00:50]}
{[%emt 00:00:37]} e3 {[%clk 01:15:57]} {[%emt 00:00:47]} 48. Rxb5 {[%clk
00:00:32]} {[%emt 00:00:48]} exf2 {[%clk 01:15:28]} {[%emt 00:00:59]} 49. Kxf2
{[%clk 00:00:53]} {[%emt 00:00:10]} Bd6 {[%clk 01:15:48]} {[%emt 00:00:09]} 50.
Rb6 {[%clk 00:00:32]} {[%emt 00:00:52]} Bxg3+ {[%clk 01:16:00]} {[%emt
00:00:17]} 51. Ke2 {[%clk 00:00:50]} {[%emt 00:00:12]} Be5 {[%clk 01:15:51]}
{[%emt 00:00:39]} 52. Kd3 {[%clk 00:00:52]} {[%emt 00:00:27]} Rf8 {[%clk
01:14:30]} {[%emt 00:01:50]} 53. Re6 {[%clk 00:00:32]} {[%emt 00:00:52]} Bg7
{[%clk 01:14:36]} {[%emt 00:00:24]} 54. Rd6 {[%clk 00:00:34]} {[%emt 00:00:28]}
Rg3+ {[%clk 01:14:41]} {[%emt 00:00:25]} 55. Ke2 {[%clk 00:00:32]} {[%emt
00:00:33]} d3+ {[%clk 01:14:56]} {[%emt 00:00:14]} 56. cxd3 {[%clk 00:00:51]}
{[%emt 00:00:10]} Bxb2 {[%clk 01:15:19]} {[%emt 00:00:08]} 57. Nc5 {[%clk
00:00:31]} {[%emt 00:00:50]} Ba3 {[%clk 01:15:26]} {[%emt 00:00:22]} 58. Rd5
{[%clk 00:00:44]} {[%emt 00:00:17]} Bxc5 {[%clk 01:15:51]} {[%emt 00:00:07]}
59. Rxc5 {[%clk 00:01:09]} {[%emt 00:00:04]} Rd8 {[%clk 01:16:02]} {[%emt
00:00:18]} 60. Rc3 {[%clk 00:01:36]} {[%emt 00:00:05]} h5 {[%clk 01:16:11]}
{[%emt 00:00:20]} 61. Rc5 {[%clk 00:00:56]} {[%emt 00:01:10]} Rgxd3 {[%clk
01:16:26]} {[%emt 00:00:14]} 62. Rxh5+ {[%clk 00:01:23]} {[%emt 00:00:05]} Kg7
{[%clk 01:16:46]} {[%emt 00:00:09]} 0-1

[Event "DEM U12 2025"]
[Site "Willingen GER"]
[Date "2025.06.08"]
[Round "1"]
[White "Retzlaff, Nick"]
[Black "Classen, Marnin"]
[Result "1/2-1/2"]
[Termination "normal"]
[Board "19"]
[WhiteElo "1790"]
[BlackElo "1663"]
[WhiteClock "00:17:36"]
[BlackClock "01:34:56"]
[PlyCount "91"]
[WhiteFideId "34610367"]
[BlackFideId "34623833"]
[EventCountry "GER"]
[EventRounds "9"]
[EventType "swiss"]
[EventDate "2025.06.07"]

1. e4 {[%clk 01:30:57]} {[%emt 00:00:01]} c5 {[%clk 01:30:55]} {[%emt
00:00:06]} 2. Nf3 {[%clk 01:31:22]} {[%emt 00:00:04]} d6 {[%clk 01:31:20]}
{[%emt 00:00:05]} 3. d4 {[%clk 01:31:33]} {[%emt 00:00:19]} cxd4 {[%clk
01:31:45]} {[%emt 00:00:06]} 4. Nxd4 {[%clk 01:31:59]} {[%emt 00:00:04]} Nf6
{[%clk 01:32:06]} {[%emt 00:00:09]} 5. Nc3 {[%clk 01:32:25]} {[%emt 00:00:04]}
g6 {[%clk 01:32:26]} {[%emt 00:00:10]} 6. Be3 {[%clk 01:32:17]} {[%emt
00:00:37]} Bg7 {[%clk 01:32:46]} {[%emt 00:00:10]} 7. f3 {[%clk 01:32:42]}
{[%emt 00:00:05]} O-O {[%clk 01:33:00]} {[%emt 00:00:16]} 8. Qd2 {[%clk
01:33:04]} {[%emt 00:00:09]} Nc6 {[%clk 01:33:23]} {[%emt 00:00:07]} 9. O-O-O
{[%clk 01:33:28]} {[%emt 00:00:05]} d5 {[%clk 01:33:47]} {[%emt 00:00:07]} 10.
exd5 {[%clk 01:33:01]} {[%emt 00:00:56]} Nxd5 {[%clk 01:34:04]} {[%emt
00:00:13]} 11. Nxc6 {[%clk 01:32:47]} {[%emt 00:00:44]} bxc6 {[%clk 01:33:19]}
{[%emt 00:01:15]} 12. Bd4 {[%clk 01:33:06]} {[%emt 00:00:12]} e5 {[%clk
01:33:29]} {[%emt 00:00:19]} 13. Bc5 {[%clk 01:33:31]} {[%emt 00:00:05]} Re8
{[%clk 01:33:48]} {[%emt 00:00:11]} 14. h4 {[%clk 01:22:11]} {[%emt 00:11:50]}
Qa5 {[%clk 01:29:17]} {[%emt 00:05:01]} 15. Nxd5 {[%clk 01:15:58]} {[%emt
00:06:43]} Qxd2+ {[%clk 01:28:53]} {[%emt 00:00:55]} 16. Rxd2 {[%clk 01:15:58]}
{[%emt 00:00:30]} cxd5 {[%clk 01:29:10]} {[%emt 00:00:13]} 17. Rxd5 {[%clk
01:14:37]} {[%emt 00:01:50]} Be6 {[%clk 01:29:29]} {[%emt 00:00:12]} 18. Bc4
{[%clk 00:47:10]} {[%emt 00:27:56]} Rac8 {[%clk 01:23:59]} {[%emt 00:06:00]}
19. Rhd1 {[%clk 00:33:44]} {[%emt 00:13:56]} Bxd5 {[%clk 01:20:51]} {[%emt
00:03:39]} 20. Rxd5 {[%clk 00:34:02]} {[%emt 00:00:12]} Bf8 {[%clk 01:20:31]}
{[%emt 00:00:49]} 21. Bxf8 {[%clk 00:29:19]} {[%emt 00:05:13]} Kxf8 {[%clk
01:20:58]} {[%emt 00:00:03]} 22. b3 {[%clk 00:27:13]} {[%emt 00:02:36]} Rc7
{[%clk 01:19:51]} {[%emt 00:01:37]} 23. Kd2 {[%clk 00:21:43]} {[%emt 00:06:00]}
Kg7 {[%clk 01:19:33]} {[%emt 00:00:49]} 24. Ke3 {[%clk 00:21:19]} {[%emt
00:00:54]} f6 {[%clk 01:17:09]} {[%emt 00:02:54]} 25. a4 {[%clk 00:19:35]}
{[%emt 00:02:15]} Kf8 {[%clk 01:15:18]} {[%emt 00:02:19]} 26. g4 {[%clk
00:18:10]} {[%emt 00:01:56]} h6 {[%clk 01:14:03]} {[%emt 00:01:44]} 27. Rd6
{[%clk 00:16:42]} {[%emt 00:01:59]} Kg7 {[%clk 01:12:10]} {[%emt 00:02:23]} 28.
Bb5 {[%clk 00:11:55]} {[%emt 00:05:17]} Rc3+ {[%clk 01:05:45]} {[%emt
00:06:55]} 29. Kd2 {[%clk 00:09:47]} {[%emt 00:02:37]} Rec8 {[%clk 01:04:00]}
{[%emt 00:02:17]} 30. Rd7+ {[%clk 00:09:45]} {[%emt 00:00:32]} Kh8 {[%clk
01:04:03]} {[%emt 00:00:27]} 31. Bd3 {[%clk 00:09:18]} {[%emt 00:00:57]} R3c7
{[%clk 01:03:56]} {[%emt 00:00:37]} 32. Rxc7 {[%clk 00:08:47]} {[%emt
00:01:01]} Rxc7 {[%clk 01:04:20]} {[%emt 00:00:06]} 33. Bxg6 {[%clk 00:09:10]}
{[%emt 00:00:07]} Kg7 {[%clk 01:04:47]} {[%emt 00:00:03]} 34. h5 {[%clk
00:09:10]} {[%emt 00:00:31]} Kf8 {[%clk 01:05:12]} {[%emt 00:00:04]} 35. Kd3
{[%clk 00:07:31]} {[%emt 00:02:09]} Ke7 {[%clk 01:05:36]} {[%emt 00:00:07]} 36.
c4 {[%clk 00:05:46]} {[%emt 00:02:15]} a5 {[%clk 01:05:37]} {[%emt 00:00:29]}
37. Kc3 {[%clk 00:03:47]} {[%emt 00:02:29]} Rb7 {[%clk 01:05:59]} {[%emt
00:00:07]} 38. Be4 {[%clk 00:03:33]} {[%emt 00:00:43]} Rb4 {[%clk 01:06:19]}
{[%emt 00:00:11]} 39. Bc2 {[%clk 00:01:22]} {[%emt 00:02:41]} Kd6 {[%clk
01:05:29]} {[%emt 00:01:20]} 40. Kd3 {[%clk 00:00:57]} {[%emt 00:00:55]} Rb6
{[%clk 01:04:25]} {[%emt 00:01:58]} 41. Kc3 {[%clk 00:23:09]} {[%emt 00:08:19]}
Kc5 {[%clk 01:34:04]} {[%emt 00:00:51]} 42. Be4 {[%clk 00:22:01]} {[%emt
00:01:37]} Rb4 {[%clk 01:34:22]} {[%emt 00:00:11]} 43. Bg6 {[%clk 00:20:28]}
{[%emt 00:02:04]} Rb6 {[%clk 01:34:43]} {[%emt 00:00:09]} 44. Be4 {[%clk
00:18:51]} {[%emt 00:02:06]} Rb4 {[%clk 01:34:45]} {[%emt 00:00:29]} 45. Bd5
{[%clk 00:18:30]} {[%emt 00:00:51]} Rb6 {[%clk 01:34:56]} {[%emt 00:00:19]} 46.
Be4 {[%clk 00:17:36]} {[%emt 00:01:23]} 1/2-1/2